First Five Pro Teams Alphabetically - Statistics

General Stats
  • This quiz has been taken 42 times
  • The average score is 11 of 20
Answer Stats
Hint Answer % Correct
NFL Bears
79%
MLB Angels
75%
NFL Bengals
75%
NFL Bills
71%
NBA Bulls
71%
NHL Bruins
63%
NFL 49ers
58%
MLB Athletics
58%
NFL Broncos
58%
NBA Bucks
58%
NHL Avalanche
54%
NBA Cavaliers
54%
NBA 76ers
50%
NBA Celtics
50%
MLB Astros
46%
NHL Blues
42%
MLB Braves
38%
NHL Blackhawks
33%
NHL Blue Jackets
29%
MLB Blue Jays
29%
No matching quizzes found
Score Distribution
Percent of People with Each Score
Percentile by Number Answered
Your Score History
You have not taken this quiz